Histoire du drapeau de la Bosnie-Herzégovine - Statistiques

Statistiques générales
  • Ce quiz a été pris 101 fois
  • Le résultat moyen est 7 sur 19
Statistiques - réponses
Hint Réponse % Correct
Deuxième drapeau de la Bosnie-Herzégovine (drapeau actuel depuis 1998)
78%
État indépendant de Croatie (1941-1945)
67%
Empire romain (-10 -395)
65%
Empire Byzantin (395-1154)
59%
République de Bosnie-Herzégovine (1992-1995) et premier drapeau de la Bosnie-Herzégovine (1995-1998)
51%
République socialiste de Bosnie-Herzégovine (1945-1992)
48%
Royaume de Bosnie (1377-1463)
37%
Condominium d'Autriche Hongrie de Bosnie-Herzégovine (1908-1918)
35%
Deuxième drapeau du sandjak de Bosnie (empire Ottoman) (1517-1793)
33%
Cinquième drapeau du sandjak de Bosnie (empire Ottoman) (1851-1878)
33%
Troisième drapeau du sandjak de Bosnie (empire Ottoman) (1793-1833)
32%
Royaume des slovènes, croates et serbes (1918-1929) et royaume de Yougoslavie (1929-1941)
29%
Premier drapeau du sandjak de Bosnie (empire Ottoman) (1482-1517)
25%
Occupation austro-hongroise du vilayet de Bosnie (1878-1908)
25%
Banat de Bosnie (1154-1377)
21%
État des slovènes, croates et serbes (1918)
17%
Quatrième drapeau du sandjak de Bosnie (empire Ottoman) (1833-1851)
16%
Vilayet de Bosnie (empire Ottoman) (1878)
16%
Duché deSaint-Sava (1448-1482)
10%
Aucun quiz correspondant
Distribution des résultats
% des personnes avec chaque résultat
Percentile par nombre de réponses
Votre historique - résultats
Vous n’avez pas pris ce quiz